DATA SCIENCE FOR BUSINESS WHAT YOU NEED (Record no. 29338)
[ view plain ]
| 000 -LEADER | |
|---|---|
| fixed length control field | 00302nam a2200121Ia 4500 |
| 008 - FIXED-LENGTH DATA ELEMENTS--GENERAL INFORMATION | |
| fixed length control field | 240624s9999 xx 000 0 und d |
| 041 ## - LANGUAGE CODE | |
| Language code of text/sound track or separate title | eng |
| 082 ## - DEWEY DECIMAL CLASSIFICATION NUMBER | |
| Classification number | 005.133 PRO |
| 100 ## - MAIN ENTRY--PERSONAL NAME | |
| Personal name | PROVOST FOSTER |
| 245 ## - TITLE STATEMENT | |
| Title | DATA SCIENCE FOR BUSINESS WHAT YOU NEED |
| 260 ## - PUBLICATION, DISTRIBUTION, ETC. | |
| Date of publication, distribution, etc. | 2017 |
| Place of publication, distribution, etc. | Mumbai |
| Name of publisher, distributor, etc. | O'Reilly |
| 365 ## - TRADE PRICE | |
| Currency code | RS |
| Withdrawn status | Lost status | Damaged status | Not for loan | Home library | Current library | Shelving location | Date acquired | Cost, normal purchase price | Full call number | Barcode | Date last seen | Price effective from | Koha item type |
|---|---|---|---|---|---|---|---|---|---|---|---|---|---|
| IMTN | IMTN | Rack 2-A | 09/26/2017 | 700.00 | 005.133 PRO | 29338 | 06/24/2024 | 06/24/2024 | Books |